[Event "AUTO-MASTER-2902"]
[Site "http://www.queenalice.com/game.php?id=1593274"]
[Date "2019.12.17"]
[Round "1"]
[White "Bigchess"]
[Black "oentusiasta"]
[Result "0-1"]
[WhiteElo "1723"]
[BlackElo "2129"]

1. e4 c5 2. Nf3 a6 3. Be2 Nc6 4. d3 e5 5. Be3 d6 6. Nc3 Nf6 7. a3 Be7 8. O-O O-O
9. Nd5 Nxd5 10. exd5 Nd4 11. c4 f5 12. Nxd4 cxd4 13. Bd2 Bd7 14. b4 b5 15. Rb1
bxc4 16. dxc4 e4 17. a4 d3 18. Bh5 g6 19. Bxg6 hxg6 20. Qb3 Bg5 21. Bc3 f4 22.
c5 e3 23. fxe3 fxe3 24. Bb2 Rxf1+ 25. Rxf1 e2 26. Qc3 Be3+ 27. Rf2 Qf6 28. Qxf6
e1=Q# 0-1

[Event "Challenge"]
[Site "http://www.queenalice.com/game.php?id=1595576"]
[Date "2020.1.8"]
[Round "-"]
[White "oentusiasta"]
[Black "jpribeiro"]
[Result "1/2-1/2"]
[WhiteElo "2147"]
[BlackElo "2154"]

1. e4 e5 2. Nf3 Nf6 3. Nc3 Nc6 4. Bb5 d6 5. O-O Bd7 6. Bxc6 Bxc6 7. d3 b5 8. d4
Nxe4 9. Nxe4 Bxe4 10. Re1 Bf5 1/2-1/2

[Event "AUTO-MASTER-2902"]
[Site "http://www.queenalice.com/game.php?id=1605525"]
[Date "2020.4.3"]
[Round "2"]
[White "cerenzo72"]
[Black "oentusiasta"]
[Result "0-1"]
[WhiteElo "2189"]
[BlackElo "2198"]

1. e4 c5 2. Nf3 a6 3. c4 Nc6 4. d4 cxd4 5. Nxd4 e5 6. Nf5 d6 7. Nc3 g6 8. Ne3
Nf6 9. Ned5 Nxd5 10. cxd5 Nd4 11. Be3 Bg7 12. Bd3 O-O 13. O-O f5 14. Bxd4 exd4
15. Ne2 fxe4 16. Bxe4 Qh4 17. f3 Bf5 18. g3 Qg5 19. f4 Qe7 20. Bf3 d3 21. Nc3
Bd4+ 22. Kg2 Rac8 23. Re1 Qg7 24. g4 Bd7 25. Qxd3 Bxc3 26. bxc3 Rxc3 27. Qd2 h5
28. h3 Rc4 29. Kg3 Rcxf4 30. Qxf4 h4+ 31. Kxh4 Rxf4 32. Be4 g5+ 33. Kg3 Qc3+ 34.
Kg2 Bxg4 35. hxg4 Rxg4+ 36. Kf2 Qg3+ 37. Ke2 Rxe4+ 38. Kd2 Qf2+ 0-1

[Event "AUTO-MASTER-2902"]
[Site "http://www.queenalice.com/game.php?id=1605526"]
[Date "2020.4.3"]
[Round "2"]
[White "oentusiasta"]
[Black "cerenzo72"]
[Result "1-0"]
[WhiteElo "2185"]
[BlackElo "2209"]

1. e4 c5 2. Nf3 Nc6 3. Bb5 g6 4. O-O Bg7 5. Nc3 Nf6 6. d3 O-O 7. Bxc6 bxc6 8.
Bg5 d5 9. Qc1 d4 10. Na4 Nd7 11. Re1 f6 12. Bd2 e5 13. b4 cxb4 14. Bxb4 Re8 15.
c3 a5 16. Ba3 dxc3 17. Qxc3 Bb7 18. Qb3+ Kh8 19. Qxb7 Rc8 20. Rac1 Nb8 21. Nc5
Bf8 22. Qf7 Rc7 23. Qc4 Nd7 24. Ne6 Rxe6 25. Qxe6 Bxa3 26. Rxc6 Rb7 27. Qd5 Rb8
28. d4 exd4 29. Qxd4 Qe8 30. Rc7 Ne5 31. Qa7 Kg8 32. Nxe5 fxe5 33. Rg7+ Kf8 34.
Rxh7 1-0

[Event "AUTO-MASTER-2963"]
[Site "http://www.queenalice.com/game.php?id=1615313"]
[Date "2020.6.6"]
[Round "1"]
[White "oentusiasta"]
[Black "Tonto"]
[Result "1-0"]
[WhiteElo "2210"]
[BlackElo "2079"]

1. e4 e5 2. Nf3 d6 3. Bc4 h6 4. O-O Nf6 5. Nc3 c6 6. d4 b5 7. dxe5 bxc4 8. exf6
Qxf6 9. Nd5 cxd5 10. Qxd5 Qd8 11. Qxa8 Qb6 12. Be3 Bb7 13. Qxb8+ Ke7 14. Bxb6
1-0

[Event "AUTO-MASTER-2963"]
[Site "http://www.queenalice.com/game.php?id=1615314"]
[Date "2020.6.6"]
[Round "1"]
[White "Tonto"]
[Black "oentusiasta"]
[Result "1-0"]
[WhiteElo "2023"]
[BlackElo "2218"]

1. e4 c5 2. d3 e6 3. c4 Nc6 4. Nf3 Nf6 5. Nc3 d5 6. Bf4 Be7 7. Nb5 O-O 8. cxd5
exd5 9. Nc7 Qxc7 10. Bxc7 dxe4 11. dxe4 Nxe4 12. Qc2 Bf5 13. Bd3 Nd4 14. Nxd4
cxd4 15. O-O 1-0

[Event "AUTO-MASTER-2963"]
[Site "http://www.queenalice.com/game.php?id=1615315"]
[Date "2020.6.6"]
[Round "1"]
[White "oentusiasta"]
[Black "uschmidi"]
[Result "1-0"]
[WhiteElo "2203"]
[BlackElo "1898"]

1. e4 e5 2. Nf3 Nc6 3. Bb5 d6 4. O-O Nf6 5. Nc3 Bd7 6. d4 exd4 7. Nxd4 Ne5 8.
Bxd7+ Qxd7 9. Bg5 Be7 10. Nf5 O-O 11. Nxe7+ Qxe7 12. Nd5 Qd8 13. Bxf6 gxf6 14.
Qh5 Ng6 15. Rae1 c6 16. Ne3 Kh8 17. Nf5 Rg8 18. Re3 Nf4 19. Qxf7 Rxg2+ 20. Kh1
Qg8 21. Qxf6+ Rg7 22. Nxg7 1-0

[Event "AUTO-MASTER-2963"]
[Site "http://www.queenalice.com/game.php?id=1615316"]
[Date "2020.6.6"]
[Round "1"]
[White "uschmidi"]
[Black "oentusiasta"]
[Result "0-1"]
[WhiteElo "1902"]
[BlackElo "2200"]

1. d4 g6 2. f4 d5 3. e3 Bg7 4. Nf3 Nf6 5. Bd3 O-O 6. O-O c5 7. c3 cxd4 8. exd4
Bg4 9. h3 Bxf3 10. Qxf3 Nc6 11. f5 e5 12. fxe6 fxe6 13. Qe2 e5 14. dxe5 Nh5 15.
Be3 Ng3 16. Rxf8+ Qxf8 17. Qf3 Qxf3 18. gxf3 Nxe5 19. Bc2 Nxf3+ 20. Kf2 Rf8 21.
Kxg3 Be5+ 22. Kg4 h5# 0-1

[Event "AUTO-MASTER-2963"]
[Site "http://www.queenalice.com/game.php?id=1615317"]
[Date "2020.6.6"]
[Round "1"]
[White "oentusiasta"]
[Black "rich"]
[Result "1-0"]
[WhiteElo "2206"]
[BlackElo "2103"]

1. e4 e5 2. Nf3 Nc6 3. Bb5 a6 4. Bxc6 dxc6 5. O-O Bd6 6. d4 exd4 7. Qxd4 f6 8.
Be3 Ne7 9. Nc3 Be6 10. Na4 b6 11. Rad1 c5 12. Qd3 Qd7 13. Nxb6 Qc6 14. Nxa8 Qxa8
15. b3 O-O 16. e5 fxe5 17. Ng5 Bf5 18. Qc4+ Nd5 19. Rxd5 Kh8 20. Bxc5 h6 21.
Nf7+ Kh7 22. Nxd6 cxd6 23. Rxd6 1-0

[Event "AUTO-MASTER-2963"]
[Site "http://www.queenalice.com/game.php?id=1615318"]
[Date "2020.6.6"]
[Round "1"]
[White "rich"]
[Black "oentusiasta"]
[Result "0-1"]
[WhiteElo "2020"]
[BlackElo "2215"]

1. d4 Nf6 2. c4 d5 3. Nc3 e6 4. Nf3 Bb4 5. Bg5 O-O 6. e3 Nbd7 7. Bd3 dxc4 8.
Bxc4 c6 9. O-O h6 10. Bh4 Be7 11. Rc1 b5 12. Bd3 Bb7 13. Bb1 b4 14. Ne2 c5 15.
Ne5 Nxe5 16. dxe5 Ne4 17. Bxe7 Qxe7 18. Ng3 Rad8 19. Qa4 Nd2 20. Rfd1 Qc7 21.
Qxa7 Qc6 22. e4 Nxb1 23. Rxd8 Rxd8 24. Qa5 Ra8 25. Qxc5 Qxc5 26. Rxc5 Rxa2 27.
Rb5 Ra1 0-1

[Event "AUTO-MASTER-2963"]
[Site "http://www.queenalice.com/game.php?id=1632979"]
[Date "2020.11.14"]
[Round "2"]
[White "Alexandrovinsk"]
[Black "oentusiasta"]
[Result "0-1"]
[WhiteElo "2120"]
[BlackElo "2250"]

1. e4 c5 2. Nf3 a6 3. d4 cxd4 4. Nxd4 Nf6 5. Nc3 e5 6. Nb3 Bb4 7. Bg5 Bxc3+ 8.
bxc3 d6 9. Bd3 O-O 10. O-O h6 11. Bh4 Be6 12. Kh1 Nbd7 13. c4 Qc7 14. Nd2 Rfb8
15. Qe2 Bg4 16. f3 Be6 17. f4 exf4 18. Bxf6 Nxf6 19. Rxf4 b5 20. Raf1 Qc5 21. h3
Nh5 22. R4f3 Qe5 23. Qf2 Rc8 24. cxb5 axb5 25. g4 Nf6 26. Qh4 Rxa2 27. Rxf6 gxf6
28. Qxh6 Rcxc2 29. Bxc2 Rxc2 30. Rf2 Qd4 31. Kg2 b4 32. Kg3 b3 33. g5 Qe3+ 34.
Rf3 Qe1+ 0-1

[Event "AUTO-MASTER-2963"]
[Site "http://www.queenalice.com/game.php?id=1632980"]
[Date "2020.11.14"]
[Round "2"]
[White "oentusiasta"]
[Black "Alexandrovinsk"]
[Result "1-0"]
[WhiteElo "2242"]
[BlackElo "2115"]

1. e4 e5 2. Nf3 Nf6 3. Nc3 d6 4. Bc4 Be7 5. O-O O-O 6. d4 Nc6 7. d5 Na5 8. Be2
c5 9. a3 c4 10. b3 cxb3 11. cxb3 b6 12. b4 Nb7 13. Ba6 Ne8 14. Bb2 Nc7 15. Bd3
f5 16. exf5 Bxf5 17. Bxf5 Rxf5 18. Ne4 Qd7 19. Qb3 Raf8 20. Nxe5 dxe5 21. d6+
Ne6 22. dxe7 Qxe7 23. Rad1 Kh8 24. Ng3 Rg5 25. Rfe1 Nf4 26. h4 Rg6 27. Bxe5 Qxh4
28. Rd4 Rg4 29. Rd7 Nd8 30. Bd6 Rg8 31. Qxg8+ Kxg8 32. Re8# 1-0

[Event "AUTO-ELITE-2312"]
[Site "http://www.queenalice.com/game.php?id=1644278"]
[Date "2021.2.20"]
[Round "1"]
[White "oentusiasta"]
[Black "Rhavstur"]
[Result "0-1"]
[WhiteElo "2273"]
[BlackElo "2557"]

1. e4 c6 2. d4 d5 3. Nc3 dxe4 4. Nxe4 Nf6 5. Nxf6+ exf6 6. Nf3 Bd6 7. Bd3 O-O 8.
O-O Bg4 9. h3 Bh5 10. Re1 Nd7 11. g4 Bg6 12. Bxg6 hxg6 13. c4 Re8 14. Bd2 Rxe1+
15. Qxe1 f5 16. Bg5 Qc8 17. gxf5 Nf8 18. Kg2 Qxf5 19. Qb1 Qd7 20. Qc2 Re8 21.
Re1 Rxe1 22. Nxe1 Qe6 23. Nf3 f6 24. Bc1 g5 25. Qb3 Ng6 26. c5 Qxb3 27. axb3 Bc7
28. b4 Ne7 29. Ne1 Kf7 30. Kf3 Ke6 31. Ke4 Nd5 32. Bd2 Bf4 33. Bxf4 Nxf4 34. h4
f5+ 0-1

[Event "AUTO-ELITE-2312"]
[Site "http://www.queenalice.com/game.php?id=1644279"]
[Date "2021.2.20"]
[Round "1"]
[White "Rhavstur"]
[Black "oentusiasta"]
[Result "1-0"]
[WhiteElo "2568"]
[BlackElo "2283"]

1. Nf3 c5 2. d3 d5 3. g3 Nc6 4. Bg2 e5 5. Nbd2 f5 6. e4 fxe4 7. dxe4 dxe4 8.
Nxe4 Qxd1+ 9. Kxd1 Bf5 10. Nh4 Bg4+ 11. f3 O-O-O+ 12. Ke1 Be6 13. Bg5 Be7 14.
Bxe7 Ngxe7 15. Nxc5 Bd5 16. Rc1 Rhf8 17. Bh3+ Kc7 18. c4 Bg8 19. Be6 Nd4 20.
Bxg8 Rxg8 21. Rc3 g5 22. Ng2 Rdf8 23. Rf1 Nef5 24. Ne4 Rg6 25. h3 Ra6 26. a3 Rb6
27. Rf2 Rh6 28. g4 Nh4 29. Nxg5 Nxg2+ 30. Rxg2 Rg6 31. Ne4 Nxf3+ 32. Kd1 Nd4 33.
Re3 Rf1+ 34. Kd2 Rf8 35. Rf2 Rxf2+ 36. Nxf2 Rd6 37. Nd3 Nb3+ 38. Kc3 Nc5 39.
Nxc5 1-0

[Event "AUTO-ELITE-2312"]
[Site "http://www.queenalice.com/game.php?id=1644280"]
[Date "2021.2.20"]
[Round "1"]
[White "oentusiasta"]
[Black "nemeth"]
[Result "1-0"]
[WhiteElo "2258"]
[BlackElo "2354"]

1. e4 c5 2. Nf3 e6 3. Nc3 a6 4. d4 cxd4 5. Nxd4 Qc7 6. Bd3 Nc6 7. Be3 Bb4 8. O-O
Nf6 9. f4 d6 10. Na4 b5 11. c3 Ba5 12. Bxb5 axb5 13. Nxb5 Qe7 14. Nxd6+ Kf8 15.
Bc5 Qc7 16. Nb5+ 1-0

[Event "AUTO-ELITE-2312"]
[Site "http://www.queenalice.com/game.php?id=1644281"]
[Date "2021.2.20"]
[Round "1"]
[White "nemeth"]
[Black "oentusiasta"]
[Result "0-1"]
[WhiteElo "2317"]
[BlackElo "2270"]

1. e4 c5 2. Nf3 a6 3. c4 Nc6 4. d4 cxd4 5. Nxd4 e5 6. Nf5 d6 7. Ne3 Nf6 8. Nc3
Be6 9. Be2 Be7 10. b3 Nd4 11. O-O O-O 12. f3 Rc8 13. Ned5 Nxd5 14. exd5 Bf5 15.
Be3 Nc2 16. Qd2 Nxa1 17. Rxa1 Bg6 18. a4 f5 19. a5 Bh4 20. Ra4 Qd7 21. Rb4 h6
22. Na4 f4 23. Bf2 Bxf2+ 24. Kxf2 e4 25. Qc3 exf3 26. Bxf3 Qe7 27. Rb6 Qh4+ 28.
Kg1 Rfe8 29. Kf1 Bd3+ 0-1

[Event "AUTO-ELITE-2436"]
[Site "http://www.queenalice.com/game.php?id=1797796"]
[Date "2022.10.11"]
[Round "1"]
[White "serinha"]
[Black "oentusiasta"]
[Result "1-0"]
[WhiteElo "2704"]
[BlackElo "2278"]

1. f4 d5 2. Nf3 c5 3. e4 dxe4 4. Ng5 Nf6 5. Bc4 Bg4 6. Bxf7+ Kd7 7. Qxg4+ Nxg4
8. Be6+ Kc6 9. Bxg4 Qe8 10. O-O Nd7 11. d3 exd3 12. Ne6 Qg6 13. h3 a6 14. Nc3
dxc2 15. Na4 Qd3 16. Bf3+ Kd6 17. Re1 Qc4 18. f5 Qxa4 19. Re4 Qxe4 20. Bxe4 Nf6
21. Bxb7 Ra7 22. Bf4+ Kd7 23. Nxc5+ Ke8 24. Bc6+ Kf7 25. Bb8 g6 26. fxg6+ hxg6
27. Bxa7 Bh6 28. Nd3 Rc8 29. Bf3 c1=Q+ 30. Nxc1 Bxc1 31. b4 Ba3 32. Rb1 Rc2 33.
Bd1 Rc1 34. Rxc1 Bxc1 35. a4 Ke6 36. Bb3+ Nd5 37. Bb8 Bd2 38. b5 1-0

[Event "AUTO-ELITE-2436"]
[Site "http://www.queenalice.com/game.php?id=1797797"]
[Date "2022.10.11"]
[Round "1"]
[White "oentusiasta"]
[Black "serinha"]
[Result "0-1"]
[WhiteElo "2277"]
[BlackElo "2705"]

1. e4 g6 2. d4 Bg7 3. Nf3 d6 4. Nc3 a6 5. Bc4 b5 6. Bb3 e6 7. O-O Nd7 8. a4 b4
9. Ne2 Ne7 10. Nf4 Nf6 11. e5 dxe5 12. Nxe5 O-O 13. Re1 Bb7 14. Nxf7 Rxf7 15.
Nxe6 Qd6 16. Ng5 Bd5 17. Nxf7 Bxf7 18. Bxf7+ Kxf7 19. c3 bxc3 20. bxc3 Qc6 21.
Bg5 Ned5 22. Rc1 Qc4 23. h4 a5 24. h5 Nxh5 25. Qg4 Nb6 26. Re7+ Kg8 27. Qe6+
Qxe6 28. Rxe6 h6 29. Bd2 Nf6 30. Rce1 g5 31. Rc6 Ne8 32. Ra1 Ra7 33. Kf1 Nd6 34.
Ke2 Kf7 35. Kd3 Nbc8 36. Rc5 Ne7 37. c4 c6 0-1

[Event "AUTO-ELITE-2436"]
[Site "http://www.queenalice.com/game.php?id=1797802"]
[Date "2022.10.11"]
[Round "1"]
[White "oentusiasta"]
[Black "Sexxy_Bunny"]
[Result "0-1"]
[WhiteElo "2280"]
[BlackElo "2782"]

1. e4 c5 2. Nf3 d6 3. Bb5+ Bd7 4. Bxd7+ Qxd7 5. d4 cxd4 6. Qxd4 Nc6 7. Qc4 g6 8.
O-O Bg7 9. Nc3 Nf6 10. h3 Rc8 11. Qd3 O-O 12. Re1 Qd8 13. Qb5 Qc7 14. Bf4 a6 15.
Qe2 Rfe8 16. Rab1 b5 17. Rbd1 Nh5 18. Bd2 Qb8 19. g4 Bxc3 20. bxc3 Nf6 21. a4
bxa4 22. Ra1 Nd7 23. Rxa4 Qb2 24. Rxa6 Nde5 25. Rc1 Nxf3+ 26. Qxf3 Ne5 27. Qd1
Qb7 28. Ra4 f6 29. Rb4 Qc6 30. Be1 g5 31. Rcb1 Ra8 32. f3 Rec8 33. R4b3 Ng6 34.
Qd2 Kf7 35. Bf2 Qc4 0-1

[Event "AUTO-ELITE-2436"]
[Site "http://www.queenalice.com/game.php?id=1797803"]
[Date "2022.10.11"]
[Round "1"]
[White "Sexxy_Bunny"]
[Black "oentusiasta"]
[Result "1-0"]
[WhiteElo "2783"]
[BlackElo "2279"]

1. e4 c5 2. Nf3 a6 3. c3 Nc6 4. d4 d5 5. e5 Bg4 6. Be2 Bxf3 7. Bxf3 e6 8. O-O
Nge7 9. Na3 cxd4 10. cxd4 Nf5 11. Nc2 Bb4 12. Bg4 O-O 13. Bxf5 exf5 14. f4 g6
15. Bd2 Bxd2 16. Qxd2 Qb6 17. Rf3 Rac8 18. Rb3 Qa7 19. a4 Kg7 20. h3 Ne7 21. Ne3
Rc6 22. Qb4 b6 23. Rc3 Rxc3 24. bxc3 Rc8 25. Kh2 Qd7 26. Rd1 Qb7 27. c4 a5 28.
Qd6 Rc6 29. Qd8 Rc8 30. Qd6 Rc6 31. Qa3 Rc8 32. Qa2 Rd8 33. Qf2 dxc4 34. Qh4 c3
35. d5 c2 36. Rc1 Rxd5 37. Qf6+ 1-0